| 000 | 00843cam a2200157 4500500 | ||
|---|---|---|---|
| 005 | 20260111090635.0 | ||
| 041 | _afre | ||
| 042 | _adc | ||
| 100 | 1 | 0 |
_aVallin, Pierre _eauthor |
| 245 | 0 | 0 | _aMarcel Bernos, Femmes et gens d’Eglise dans la France classique (xviie-xviiie siècles), Cerf, 2003, 404 pages, 33 € |
| 260 | _c2003. | ||
| 500 | _a46 | ||
| 520 | _aRésuméPrendre en charge le « Dieu Sauvage », c’est ce que firent, avec des moyens différents, Gauguin et Van Gogh, Rimbaud et Claudel, Segalen et Saint-John Perse. Ces enfants hallucinés furent confrontés à la grande crise des rhétoriques occidentales et de la raison des terriens... | ||
| 786 | 0 | _nÉtudes | 399 | 10 | 2003-10-01 | p. 413zm-430zm | 0014-1941 | |
| 856 | 4 | 1 | _uhttps://shs.cairn.info/revue-etudes-2003-10-page-413zm?lang=fr&redirect-ssocas=7080 |
| 999 |
_c1619318 _d1619318 |
||